Setode kujunemise kohta käivast diskussioonist
| Titel: | Setode kujunemise kohta käivast diskussioonist |
|---|---|
| Verfasser: | |
| In: |
Õpetatud Eesti Selts: Õpetatud Eesti Seltsi aastaraamat, (2013), Seite 167-190, Tab. alle Artikel anzeigen |
| Veröffentlicht: | 2013 [2014] |
| Format: | Aufsatz |
| Sprache: | Estnisch |
X
alg: 39282565 001A $01999:11-11-16 001B $03025:03-03-26 $t13:17:13.000 001C $06050:19-11-16 $t09:18:46.000 001D $01999:11-11-16 001U $0utf8 001X $00 002@ $0Aox 003@ $0392825651 007A $0392825651 $aHEB 007T $0Herdc0109034m 010@ $aest 011@ $a2013 $n2013 [2014] 021A $aSetode kujunemise kohta käivast diskussioonist 028A $aLillak $dAnti 031A $h167-190, Tab. $j2013 037A $aengl. Res. 189-190: On the Discussion Concerning the Ethnogenesis of Seto People 039B $aIn $8--Abvc--Õpetatud Eesti Selts [Tb1]. Õpetatud Eesti Seltsi aastaraamat. - Tartu : Mattiesen, 1938-. - ISSN 1406-8486 $x201300000000000833 $9047885599 044K $#Setomaa $71152417363 $8Setumaa [Tg3] $942645572X 044K $#Seto Volk $#Setu $74737381-7 $8Setukesen [Ts1] $9112383661 045F $a306.094798 $eDDC23BSB 045F/01 $a306.09 045F/03 $g4798 045T $a7,53 $a9,10 lok: 39282565 78 exp: 39282565 78 1 #EPN 201B/01 $019-04-17 $t11:36:26.000 201U/01 $0utf8 203@/01 $0788935879 208@/01 $a11-11-16 $be 209A/01 $a/ $f000 $x00 220C/01 $aTitelaufnehmer: kk 220C/01 $aHerkunft: HI Marburg 244Z/01 $2Trx $#Estija $#Igaunija $#Estland $#Estonia $#Estonia $#Estónsko $#Estonsko $8--Trx--Eesti $x01 $9391237225 244Z/01 $2Trx $#Setukesengebiet $8--Trx--Setumaa $x02 $9391180363 244Z/01 $2Trx $#Petschur Landschaft $8--Trx--Petserimaa $x03 $9391184350 244Z/01 $2Trx $#setud $#setukiečiai $#Setukesians $#szetukézek nép $#Setukesi $#Setuovia $#Setuové $#Setukesen $8--Trx--Setuer $x04 $9391384279 244Z/01 $2Trx $#identiteedid, entnilised $#etniniai identitetai $#ethnic identities $#identitások, etnikai $#tożsamość etniczna $#totožnosti etnické $#identita etnická $#totožnosť etnická $#totožnost etnická $8--Trx--Identitäten, ethnische $x05 $9391368915 244Z/01 $2Trx $#riiklus, Eesti $#Estijos valstybingumas $#statehood, Estonian $#államiság, észt $#państwowość, estońska $#štátnosť estónska $#státnost estonská $8--Trx--Staatlichkeit, estnische $x06 $9391369393 244Z/01 $2Trx $#suhted, Eesti-Vene $#santykiai, estų ir rusų $#relations, Estonian-Russian $#kapcsolatok, észt-orosz $#stosunki estońsko-rosyjskie $#vzťahy estónsko-ruské $#vztahy estonsko-ruské $8--Trx--Beziehungen, estnisch-russische $x07 $9391369539 244Z/01 $2Trx $#rahvastik liikumine ja struktuur $#gyventojai $#population migration, social stratification of the population $#népesség mozgalom és struktúra $#ludność ruch naturalny i struktura $#obyvateľstvo pohyb a štruktúra obyvateľstva $#obyvatelstvo pohyb a struktura obyvatelstva $#Sozialstruktur $#struktura społeczna $8--Trx--Bevölkerung$gBewegung und Struktur $x08 $9391372521 244Z/01 $2Trx $8--Trx--Zeitschriftenaufsatz $x09 $9391384341 245Z/01 $a08.04.31 $x01 247C/01 $82080>Marburg/Lahn, Herder-Institut, Forschungsbibliothek, Bibliographieportal $9336309341
| LEADER | 00000caa a22000002c 4500 | ||
|---|---|---|---|
| 001 | 392825651 | ||
| 003 | DE-603 | ||
| 005 | 20260303131713.0 | ||
| 007 | tu | ||
| 008 | 161111s2013 xx |||| | u00||u|est c | ||
| 035 | |a (DE-599)HEB392825651 | ||
| 040 | |a DE-603 |b ger |c DE-603 |d DE-603 | ||
| 041 | |a est | ||
| 082 | 0 | 4 | |8 1\u |a 306.094798 |q DE-101 |2 23/BSB |
| 084 | |a 7,53 |a 9,10 |2 ssgn | ||
| 085 | |8 1\u |b 306.09 | ||
| 085 | |8 1\u |z 2 |s 4798 | ||
| 100 | 1 | |a Lillak, Anti | |
| 245 | 0 | 0 | |a Setode kujunemise kohta käivast diskussioonist |
| 264 | 0 | |c 2013 [2014] | |
| 500 | |a engl. Res. 189-190: On the Discussion Concerning the Ethnogenesis of Seto People | ||
| 650 | 7 | |a Setukesen |0 (DE-588)4737381-7 |0 (DE-603)112383661 |2 gnd | |
| 651 | 7 | |a Setumaa |0 (DE-588)1152417363 |0 (DE-603)42645572X |2 gnd | |
| 773 | 0 | 8 | |i In |a Õpetatud Eesti Selts |t Õpetatud Eesti Seltsi aastaraamat |d Tartu : Mattiesen, 1938- |x 1406-8486 |g (2013), Seite 167-190, Tab. |w (DE-603)047885599 |w (DE-600)570191-0 |
| 924 | 0 | |9 2080 |a (DE-603)788935879 |b DE-2080 |c HES |d d |g / | |


